Welcome to CU Library Online Public Access Catalogue (OPAC)

Business communications; (Record no. 3776)

MARC details
000 -LEADER
fixed length control field 00402nam a22001457a 4500
005 - DATE AND TIME OF LATEST TRANSACTION
control field 20250210110124.0
008 - FIXED-LENGTH DATA ELEMENTS--GENERAL INFORMATION
fixed length control field 250210b |||||||| |||| 00| 0 eng d
020 ## - INTERNATIONAL STANDARD BOOK NUMBER
International Standard Book Number 9988788150
050 ## - LIBRARY OF CONGRESS CALL NUMBER
Classification number HG1590
Item number BRA
100 ## - MAIN ENTRY--PERSONAL NAME
Personal name Bray, George R.
245 ## - TITLE STATEMENT
Title Business communications;
Remainder of title bankers workbook series
260 ## - PUBLICATION, DISTRIBUTION, ETC.
Place of publication, distribution, etc. Accra
Name of publisher, distributor, etc. The Chartered Institute of Bankers
Date of publication, distribution, etc. c1999
300 ## - PHYSICAL DESCRIPTION
Extent 269p
942 ## - ADDED ENTRY ELEMENTS (KOHA)
Source of classification or shelving scheme Library of Congress Classification
Koha item type Books
Suppress in OPAC No
999 ## -
-- 3776
-- 3776
Holdings
Withdrawn status Lost status Source of classification or shelving scheme Damaged status Not for loan Collection Home library Current library Shelving location Date acquired Total checkouts Full call number Barcode Date last seen Copy number Price effective from Koha item type
    Library of Congress Classification       Graduate Library (Christ Temple) Graduate Library (Christ Temple) General stacks 03/09/2026   HG 1590 BRA gsct00003091 03/09/2026   03/09/2026 Books
    Library of Congress Classification       Graduate Library (Christ Temple) Graduate Library (Christ Temple) General stacks 03/09/2026   HG 1590 BRA gsct00003092 03/09/2026   03/09/2026 Books
    Library of Congress Classification     Non-fiction Undergraduate Library (Christ Temple) Undergraduate Library (Christ Temple) General stacks 02/10/2025   HG1590 BRA ulct00001128 02/10/2025 1 02/10/2025 Books
    Library of Congress Classification     Non-fiction Undergraduate Library (Christ Temple) Undergraduate Library (Christ Temple) General stacks 02/10/2025   HG1590 BRA ulct00001129 02/10/2025 2 02/10/2025 Books
    Library of Congress Classification     Non-fiction Undergraduate Library (Christ Temple) Undergraduate Library (Christ Temple) General stacks 02/10/2025   HG1590 BRA ulct00001130 02/10/2025 3 02/10/2025 Books
    Library of Congress Classification     Non-fiction Undergraduate Library (Christ Temple) Undergraduate Library (Christ Temple) General stacks 02/10/2025   HG1590 BRA ulct00001131 02/10/2025 4 02/10/2025 Books
    Library of Congress Classification     Non-fiction Undergraduate Library (Christ Temple) Undergraduate Library (Christ Temple) General stacks 02/10/2025   HG1590 BRA ulct00001132 02/10/2025 5 02/10/2025 Books
© 2023-2024 Copyright: Central University Libraries. All Rights Reserved | Created by: Mahone Tech Office